Budovanie automatizovaných systémov riadenia železničnej dopravy vo Východnej dráhe v období 8. 5RP Republikový seminár. Zborník prednášok. Zvolen, Dom kult. ČSD 15.-16.10.1987

Salvato in:
Dettagli Bibliografici
Natura: Libro
Lingua:slovacco
Pubblicazione: Žilina Dom techn. ČSVTS 1987
Edizione:1. vyd.
Tags: Aggiungi Tag
Nessun Tag, puoi essere il primo ad aggiungerne!!

MARC

LEADER 00000nam a2200000 4500
001 c022736
005 20221219094332.8
041 0 |a slo 
044 |a SK 
245 1 0 |a Budovanie automatizovaných systémov riadenia železničnej dopravy vo Východnej dráhe v období 8. 5RP  |b Republikový seminár. Zborník prednášok. Zvolen, Dom kult. ČSD 15.-16.10.1987 
250 |a 1. vyd. 
264 1 |a Žilina  |b Dom techn. ČSVTS  |c 1987 
300 |a 140 s.